Aktívne operácie s cennými papiermi v účtovníctve bánk diplomová práca

Na minha lista:
Detalhes bibliográficos
Autor principal: Balážová, Mária
Autor Corporativo: Fakulta hospodárskej informatiky EU. Katedra účtovníctva a audítorstva
Outros Autores: Kadlečíková, Oľga, 1973-
Formato: Livro
Idioma:eslovaco
Publicado em: Bratislava 2014
Tags: Adicionar Tag
Sem tags, seja o primeiro a adicionar uma tag!

MARC

LEADER 00000nbm a2200000 4500
001 0188743
005 20170201110101.4
041 0 |a slo 
044 |a SK 
245 1 0 |a Aktívne operácie s cennými papiermi v účtovníctve bánk  |b diplomová práca  |c Mária Balážová ; školiteľ: Oľga Kadlečíková 
264 1 |a Bratislava  |c 2014 
300 |a 75 s. 
100 1 |a Balážová, Mária 
700 1 |a Kadlečíková, Oľga, 1973- 
710 2 |a Fakulta hospodárskej informatiky EU. Katedra účtovníctva a audítorstva